Countries with most Tamil Speakers - Statistics

General Stats
  • This quiz has been taken 31 times
  • The average score is 13 of 21
Answer Stats
Country Population Percent % Correct
India 69.8m 5.89%
100%
Sri lanka 3.28m 15.07%
96%
United States 341k 0.1%
96%
Canada 238k 0.7%
92%
Germany 60.0k 0.07%
92%
France 125k 0.2%
88%
Malaysia 2.32m 6.7%
81%
Indonesia 40.0k 0.01%
69%
Singapore 198k 4.9%
69%
United Arab Emirates 10.0k 0.1%
69%
Australia 95.4k 0.38%
65%
Italy 25.0k 0.04%
62%
Myanmar 1.00m 1.8%
50%
New Zealand 10.1k 0.21%
50%
South Africa 250k 0.4%
50%
Netherlands 20.0k 0.12%
38%
Switzerland 40.0k 0.46%
38%
Mauritius 72.1k 5.83%
35%
Norway 13.0k 0.24%
35%
Fiji 80.0k 9.5%
31%
Austria 10.0k 0.11%
19%
No matching quizzes found
Score Distribution
Percent of People with Each Score
Percentile by Number Answered
Your Score History
You have not taken this quiz